01001cam a2200265Ia 450000500170000000800410001702000150005803500210007304000500009404100130014410000250015724501040018225000100028626000480029630000410034450000210038565000180040665000450042465000500046965000430051965000840056270000210064670000220066776500460068920151019082551.0100922s2006 mx a fr 001 0 spa d a9701051084 a(OCoLC)664817406 aCO-BoUCMbspacSandra PalaciodSandra Palacio1 aspaheng1 aNorton, Peterd1943-10aIntroducción a la computación cPeter Norton ; traducción, Claudia Fuentes y Héctor Esqueda a6a ed aMéxico D.F. (México)bMcGraw-Hillc2006 axxviii, 656 páginasbilustraciones aIncluye índice 7aComputadores  7aDesarrollo de programas para computador  7aDispositivos de almacenamiento (computadores) 7aSistemas operacionales (Computadores)  7aSistemas de almacenamiento y recuperación de información xAdministración1 aFuentes, Claudia1 aEsqueda, Héctor tPeter Norton´s introduction to computers